Представление документа в формате RUSMARC

ПолеНазваниеЗначение
  Тип записи a
  Библиографический уровень m
001 Контрольный номер RU/SLIB/B/208732864
005 Дата корректировки 20240110094150.0
010 Индекс ISBN __
d Цена 0-90
100 Данные общей обработки __
a Данные общей обработки 20230525d1988 m y0rusy028902 ca
101 Язык документа 1_
a Язык текста rus
c Язык оригинала ger
102 Страна публикации __
a Страна публикации RU
105 Кодированные данные (монография) __
a Кодированные данные (монография) y z 000yy
181 Поле кодированных данных: вид содержания _0
a Код вида содержания (ISBD) i
182 Поле кодированных данных: тип средства _0
a Код типа средства (ISBD) n
200 Заглавие и сведения об ответственности 1_
a Заглавие Мемуары разведчика
e Сведения, относящиеся к заглавию пер. с нем.
b Общее обозначение материала Текст
f Первые сведения об ответственности Х. Фельфе
210 Выходные данные 1_
a Место издания М.
c Издательство Политиздат
d Дата издания 1988
215 Физическое описание __
a Объем 320 с.
330 Аннотация __
a Аннотация Автор, бывший офицер разведки германского рейха, затем сотрудник западногерманской разведывательной службы БНД, рассказывает о сложном пути, который привел его к борьбе против тех, кто строит планы подготовки новой войны. В книге разоблачаются подрывные акции западных спецслужб против СССР, других социалистических стран. Хайнц Фельфе, автор книг «Мемуары разведчика», «На тайной службе у Москвы. Как я переиграл ЦРУ». После освобождения Фельфе работал некоторое время в КГБ в Москве. В 1978 г. стал профессором криминалистики в Университете им. Гумбольдта в Берлине. В 1986 опубликовал мемуары под названием Im Dienst des Gegners.
606 Тематические рубрики __
a Основная рубрика Право
2 Код системы nlr_sh
606 Тематические рубрики __
a Основная рубрика Военное искусство
2 Код системы nlr_sh
606 Тематические рубрики __
a Основная рубрика История
2 Код системы nlr_sh
606 Тематические рубрики __
a Основная рубрика История Европы в целом
2 Код системы nlr_sh
610 Ключевые слова 0_
a Ключевые слова разведчики; подвиги; мемуары; спецслужбы; спецслужбы зарубежных стран
686 Индексы других классификаций __
a Классификационный индекс 67.401.132(4Гем)
2 Код системы rubbks
686 Индексы других классификаций __
a Классификационный индекс 63.3(4Гем)
2 Код системы rubbks
700 Автор _1
a Фамилия Фельфе
b Имя Х.
4 Код отношения 070
g Полное личное имя Хайнц
801 Источник записи _0
a Страна RU
b Организация Муниципальное бюджетное учреждение культуры "Централизованная библиотечная система" г. Сургут (Центральная городская библиотека им. А. С. Пушкина)
g Правила каталогизации PSBO
c Дата составления 20081024
801 Источник записи _1
a Страна RU
b Организация Муниципальное бюджетное учреждение культуры "Централизованная библиотечная система" г. Сургут (Центральная городская библиотека им. А. С. Пушкина)
g Правила каталогизации PSBO
c Дата составления 20081024
852 Данные о местонахождении __
j Шифр хранения 67.401.132(4Гем)
c Каталожный индекс 67.401.212(4Гем), 63.3(4Гем)
i Авторский знак Ф 39
p Инвентарный номер 34347
901 Тип документа __
t Тип документа m
a Ответственный КиК/Уланова
901 Тип документа __
a Ответственный СКБР2024
903 Характеристики (МАРС) __
a Дата передачи 20081024
c Наименование библиотеки (МАРС) Муниципальное бюджетное учреждение культуры "Централизованная библиотечная система" г. Сургут (Центральная городская библиотека им. А. С. Пушкина)
990 Данные о заказе (DOS) __
j Количество экземпляров (DOS) 1